|
|
|
|
| LEADER |
01511nam a2200325 a 4500 |
| 001 |
14278525 |
| 008 |
111211s2007 maua b 001 0ceng d |
| 010 |
|
|
|a 2006006230
|
| 020 |
|
|
|a 0763729272 (pbk. : alk. paper)
|
| 020 |
|
|
|a 9780763729271 (pbk. : alk. paper)
|
| 040 |
|
|
|a DNLM/DLC
|c DLC
|d NLM
|d BAKER
|d C#P
|d VAM
|d YDXCP
|d OCLCQ
|d MUQ
|d BTCTA
|d DLC
|d BD-DhAAL
|
| 082 |
0 |
0 |
|a 614.4
|2 22
|
| 999 |
|
|
|c 11585
|d 11585
|
| 999 |
|
|
|c 11585
|
| 100 |
1 |
|
|a Szklo, M.
|q (Moyses)
|9 7701
|
| 245 |
1 |
0 |
|a Epidemiology :
|b beyond the basics /
|c Moyses Szklo, F. Javier Nieto.
|
| 250 |
|
|
|a 2nd ed.
|
| 260 |
|
|
|a Sudbury, Mass. :
|b Jones and Bartlett Publishers,
|c c2007.
|
| 300 |
|
|
|a xiii, 489 p. :
|b ill. ;
|c 26 cm.
|
| 504 |
|
|
|a Includes bibliographical references and index.
|
| 541 |
1 |
|
|e 00023967
|
| 650 |
|
0 |
|a Epidemiology.
|9 7702
|
| 650 |
1 |
2 |
|a Epidemiologic Methods.
|9 7703
|
| 650 |
2 |
2 |
|a Epidemiology.
|9 7704
|
| 700 |
1 |
|
|a Nieto, F. Javier.
|9 7705
|
| 852 |
1 |
|
|a James P. Grant School of Public Health (JPGSPH)
|
| 942 |
|
|
|2 ddc
|c BK
|
| 952 |
|
|
|0 0
|1 0
|2 ddc
|4 0
|6 614_400000000000000_SZK
|7 0
|9 18850
|a JPGSPH
|b JPGSPH
|c GEN
|d 2011-12-11
|e School of Public Helath
|l 0
|o 614.4 SZK
|p 3060023967
|r 2011-12-13
|t 1
|w 2011-12-13
|y BK
|
| 952 |
|
|
|0 0
|1 0
|2 ddc
|4 0
|6 614_400000000000000_SZK
|7 0
|9 18851
|a JPGSPH
|b JPGSPH
|c GEN
|d 2011-12-11
|e School of Public Helath
|l 0
|o 614.4 SZK
|p 3060023968
|r 2011-12-13
|t 2
|w 2011-12-13
|y BK
|
| 952 |
|
|
|0 0
|1 0
|2 ddc
|4 0
|6 614_400000000000000_SZK
|7 0
|9 20508
|a JPGSPH
|b JPGSPH
|c GEN
|d 2012-06-17
|l 0
|o 614.4 SZK
|p 3060025436
|r 2012-06-17
|t 3
|w 2012-06-17
|y BK
|